[Event "BEL-ch U16"]
[Site "Blankenberge"]
[Date "2014.04.17"]
[Round "7"]
[White "Wertz, Felix"]
[Black "Van Cauwenbergh, Maxim"]
[Result "0-1"]
[WhiteElo "1026"]
[BlackElo "1569"]
[PlyCount "44"]
[EventDate "2014.04.??"]
[EventType "swiss"]
[EventRounds "9"]
[EventCountry "BEL"]
[SourceTitle "EXT 2015"]
[Source "ChessBase"]
[SourceDate "2014.11.20"]
[SourceVersion "1"]
[SourceVersionDate "2014.11.20"]
[SourceQuality "1"]

1. e4 c5 2. d4 cxd4 3. c3 dxc3 4. Nxc3 Nc6 5. Nf3 g6 6. Bc4 Bg7 7. 0-0 d6 8. Qe2 Nf6 9. Rd1 Nd7 10. Bf4 0-0 11. Rd2 Nde5 12. Nh4 Nxc4 13. Qxc4 Be6 14. Qe2 f6 15. b4 g5 16. b5 Nb8 17. Bxd6 exd6 18. Nf3 Qe7 19. Rad1 Nd7 20. Rxd6 Nb6 21. R6d3 Bc4 22. Rd6 Be6 0-1